| 000 | 03085nam a2200265 i 4500 | ||
|---|---|---|---|
| 003 | DO-SdBNP | ||
| 005 | 20230517120244.0 | ||
| 006 | a||||gr|||| 00| 0 | ||
| 007 | ta | ||
| 008 | 230510t2022 dr ac||gr|||| 000 edspa d | ||
| 020 | _a9789945933079 | ||
| 040 |
_aDO-SdBNP _bspa _cBNPHU _erda |
||
| 082 | 4 |
_222 _bP637a |
|
| 245 | 1 | 0 |
_aUASD alborada libertaria y debates (1961-1974). / _cSebastián del Pilar Sánchez; prólogo, Luis R. Decamps |
| 264 | 3 | 0 |
_a[Santo Domingo] : _bEl Gato EGE, _c2022 |
| 300 |
_a236 páginas : _bLustraciones, retratos ; _c22 cm. |
||
| 336 |
_2rdaconten _atexto _btxt |
||
| 337 |
_2rdamedia _asin medición _bn |
||
| 338 |
_2rdacarrier _avolumen _bnc |
||
| 500 | _aIncluye datos biográficos del autor en la solapa de la cubierta. | ||
| 505 |
_aPrólogo. _tDe cuando era "dulce y honroso morir por la patria" (a propósito de un novedoso texto de Sebastián del Pilar Sánchez).-- La FED y la autonomía de la UASD en época de Caro Álvarez.-- La UASD y la FED en el tiempo de Castaños.-- Elección del rector Castaños y otros resultados.-- Elecciones de decanos y constitución del consejo.-- El congreso estudiantil.-- Datos sobre los primero dirigentes de la FED.-- Asdrúbal y el BRUC en la renuncia forzada de Castaños.-- Historia de la crisis que afectó al rector.-- Expulsión de profesores trujillistas en al UASD.-- _t¿Quién es Cayetano Rodríguez?.-- Falla estrategia de fragua sobre control de la FED.-- Amin Abel en la FED.-- Historia del movimiento renovador universitario.-- La masacre de febrero en el palacio.-- El mejor coro universitario de América Latina.-- La historia del triunfo.-- Los estudiantes, la izquierda y el pensamiento de Mao.-- Maoismo en los grupos de la UASD.-- Una bandera roja motiva expulsión de líderes estudiantiles.-- La bandera y las elecciones.-- La muerte de Fadul.-- Medio millón a la universidad.-- _tMarxistas cristianos apoyan a Emma Tavarez en UASD.-- Fragua selecciona su candidato chino Bujosa.-- Drama lleno de suspenso: Hugo Tolentino derrota por Kasse acta en la UASD.-- Características y desarrollo de la confrontación.--Desenlace.-- La vida universitaria en época del gordo Oviedo y Hatuey de Camps.-- Fragua resurge con chino Bujosa y la unidad de acero.-- Crisis electoral universitaria de 1970. Impugnación y enfrentamiento grupal.-- Fin de la crisis.-- Líder estudiantil acusado de informante policial.-- Fragua defiende a Felvio.-- _tAtaques a Bosch.-- La renuncia de Felvio.-- La muerte de Chepe en la UASD.-- Homicidio y causas.-- El informe de la comisión universitaria.-- El FUSD con Santamaría se impone por tercera vez en la UASD.-- Causa de la victoria del FUSD.-- Ingrediente en el triunfo perredeísta.-- División del partido blanco trastorna grupos de la UASD.-- Comisión electoral impide uso del nombre del FUSD.-- El claustro y la puja electoral.-- El FEFLAS se constituye en principal fuerza de la UASD.-- Otros factores en el crecimiento del FEFLAS. |
||
| 590 | _aInventariado 2023 / MF | ||
| 700 | 1 |
_943967 _aDecamps R., Luis R _d1959- _eprólogo |
|
| 942 |
_2ddc _cLBS1 |
||
| 999 |
_c53471 _d53471 |
||